000 00503nam a2200181Ia 4500
003 GCL
008 140319s9999 xx 000 0 ara d
040 _aGCL /
_cGCL
082 0 4 _a811.082
_bع ا
100 1 _aعبدالبديع محمد عراق
245 1 0 _aابداع الحجر /
_cعبدالبديع محمد عراق
300 _a145 ص
490 _a
650 0 4 _aالشعر العربى
650 0 4 _aالشعر الحماسى
650 0 4 _aالشعر السياسى
942 _2ddc
_cBK
999 _c38615
_d38615